MARC

LEADER 00000nam0a2200000 4500
001 354007
005 20231102010641.0
035 |a (RuTPU)RU\TPU\retro\11265 
090 |a 354007 
100 |a 20200611d1978 m y0rusy50 ca 
101 0 |a rus 
102 |a RU 
105 |a a z 001zy 
200 1 |a Прогноз максимальных водопритоков в горные выработки вероятностно-статистическими методами  |f Л. З. Леви 
210 |a Москва  |c Недра  |d 1973 
215 |a 95 с.  |c ил. 
320 |a Библиогр.: с. 89-94 
606 1 |a Горные выработки  |x Гидродинамические исследования  |2 stltpush  |3 (RuTPU)RU\TPU\subj\7755  |9 35308 
610 1 |a водопритоки 
610 1 |a максимумы 
610 1 |a прогнозирование 
610 1 |a статистические методы 
610 1 |a нестационарные процессы 
610 1 |a гидрогеологические условия 
675 |a 622.51  |v 4 
700 1 |a Леви  |b Л. З.  |g Любовь Зельмановна 
801 1 |a RU  |b 63413507  |c 20200611 
801 2 |a RU  |b 63413507  |c 20201210  |g RCR 
942 |c BK